| 000 | 00369nam a2200109Ia 4500 | ||
|---|---|---|---|
| 008 | 171211s9999 xx 000 0 und d | ||
| 245 | _aProblem Gambling in Europe: Challenges, Prevention, and Interventions | ||
| 245 | _cGerhard Meyer, Mark Griffiths, and Tobias Hayer | ||
| 260 | _c2008 | ||
| 650 | _xGAMBLING | ||
| 856 | _uhttp://down.ebook777.com/041/9780387094854.pdf | ||
| 999 |
_c348995 _d348995 |
||